000 01294nam a2200325 i 4500
003 EG-GICUC
005 20260121101633.0
008 260101s2001 ua ||||fr|||| 000 0 ara d
017 _a2000/9852
040 _a EG-GICUC
_bara
_c EG-GICUC
_d EG-GICUC
_erda
041 _aara
082 0 4 _221
_a345.682
_bع ب . إ
092 0 4 _221
099 _aLaw1 07 345.682 ع ب . إ 2001
100 0 _aعبدالعزيز عبدالمنعم خليفة
_eمؤلف.
245 1 2 _aالإنحراف بالسلطة كسبب لإلغاء القرار الإداري :
_bدراسة مقارنة /
_cدكتور عبدالعزيز عبدالمنعم خليفة.
264 1 _aالقاهرة :
_bدار النهضة العربية,
_c2001.
300 _a392 صفحة ؛
_c24 سم
_bإيضاحيات، صور، مثيليات ؛
336 _2rda content
_atext
337 _2rda media
_aComputer
338 _2rda carrier
_aOnline Resource
546 _aالنص باللغة العربية
650 1 4 _aإلغاء القرا رالإداري
_2qrmak
650 1 4 _aمشروعية القرات الإدارية
_2qrmak
650 1 4 _aالسلطة التقديرية
_2qrmak
651 1 _2qrmak
856 4 0 _uhttps://fll.law.cu.edu.eg/fulltext/bks/B07-02069.pdf
905 _a79
942 _2ddc
_cBK
_e21
_n0
999 _c53675
_d53675